Arquitectura contemporánea japonesa / (Record no. 34960)

MARC details
000 -LEADER
campo de control de longitud fija 00676nam a2200193 i 4500
001 - NÚMERO DE CONTROL
campo de control 34960
003 - IDENTIFICADOR DE NÚMERO DE CONTROL
campo de control ES-MaACL
005 - FECHA Y HORA DE LA ÚLTIMA TRANSACCIÓN
campo de control 20230906155028.0
007 - CAMPO FIJO DE DESCRIPCIÓN FÍSICA--INFORMACIÓN GENERAL
campo de control de longitud fija t|
008 - DATOS DE LONGITUD FIJA--INFORMACIÓN GENERAL
campo de control de longitud fija 030211s1970 sp ||||1| spa d
100 1# - ENTRADA PRINCIPAL--NOMBRE DE PERSONA
Nombre de persona Borràs, Maria Lluïsa.
9 (RLIN) 146592
245 10 - MENCIÓN DEL TÍTULO
Título Arquitectura contemporánea japonesa /
Mención de responsabilidad, etc. [texto, María Lluisa Borrás ; fotos, Yukio Futagawa ; selección y secuencia, Joan Prats Vallés].
260 ## - PUBLICACIÓN, DISTRIBUCIÓN, ETC.
Lugar de publicación, distribución, etc. Barcelona :
Nombre del editor, distribuidor, etc. Polígrafa,
Fecha de publicación, distribución, etc. [1970]
300 ## - DESCRIPCIÓN FÍSICA
Extensión 103 p., 2 plan., 4 h. pleg., 123 lám. ;
Dimensiones 21 cm.
500 ## - NOTA GENERAL
Nota general Ed. multilingüe.
700 1# - ENTRADA AGREGADA--NOMBRE PERSONAL
Nombre de persona Futagawa, Yukio.
9 (RLIN) 53098
700 1# - ENTRADA AGREGADA--NOMBRE PERSONAL
Nombre de persona Prats Vallès, Joan.
9 (RLIN) 93709
852 ## - LOCALIZACIÓN
Ubicación ES-MaACL
Número de control de estantería C-42410
Sublocalización o colección R.79804
Holdings
Estatus retirado Estado de pérdida Estado de daño No para préstamo Biblioteca de origen Biblioteca actual Ubicación en estantería Fecha de adquisición Fuente de adquisición Total de préstamos Signatura topográfica completa Código de barras Visto por última vez Precio de reemplazo Tipo de ítem Koha
        Biblioteca del Ateneo de Madrid Biblioteca del Ateneo de Madrid Depósito 2 17/01/2008     C-42410 1036520 23/02/2023 23/02/2023 Libro impreso